| 000 | 00649nam a2200241Ia 4500 | ||
|---|---|---|---|
| 005 | 20260429112154.0 | ||
| 008 | 260429s9999||||xx |||||||||||||| ||und|| | ||
| 020 | _a9781284257779 | ||
| 041 | _aEnglish | ||
| 082 |
_a344.730 _bHAM |
||
| 100 | _aHammaker, Donna K. | ||
| 245 | 0 |
_aHealth care ethics and the law / _cDonna K. Hammaker |
|
| 250 | _a2nd ed. | ||
| 260 |
_aBurlington : _bJones and Bartlett Learning, _c2024. |
||
| 300 | _axxxvi, 411 p.; pbk | ||
| 650 | _a Health care | ||
| 650 | _a Law | ||
| 650 | _aEthics | ||
| 700 | _a Gomberg, Jonathan D. | ||
| 700 | _a Knadig, Thomas M. | ||
| 700 | _a Tobias, Blake J. | ||
| 942 | _cTB | ||
| 999 |
_c52721 _d52721 |
||